00472nam a2200121 a 450000500170000000800410001705000210005810000230007924501100010294200090021299900170022195201120023820140408090024.0021121s19uu xx 00 eng d aPGS '98bREY #26 aReyes, Paula Erika aThe perception of the fourth year students of Southville International School SY 97-98 regarding the May. cPASS c96315d96315 001040aLUXbLUXcPASSd2002-11-21egiftl0oPGS '98 REY #26pP0253r2014-04-08 00:00:00w2014-04-08yPASS